La frontera norte de mexico 1821-1846 /
Guardado en:
| Autor Principal: | |
|---|---|
| Formato: | Libro |
| Publicado: |
Madrid :
Mapfre,
1992
|
| Materias: | |
| Etiquetas: |
Agregar Etiqueta
Sin Etiquetas, Sea el primero en etiquetar este registro!
|
| LEADER | 00556nam a22001695a 4500 | ||
|---|---|---|---|
| 001 | EHU.bham020439 | ||
| 003 | AR-BHAM | ||
| 005 | 20101209175452.0 | ||
| 008 | 130507s1992##################000#0#####d | ||
| 082 | 9 | 7 | |a 978.903 |
| 100 | 1 | |a Weber, David John | |
| 245 | 1 | 0 | |a La frontera norte de mexico 1821-1846 / |c David John Weber |
| 260 | |a Madrid : |b Mapfre, |c 1992 | ||
| 300 | |a 525 p. | ||
| 500 | |a El sudoeste norteamericano en su época mexicana.- | ||
| 653 | |a Historia de eeuu-nuevo mexico [ep.mexica | ||
| 859 | |a AR-BHAM |b BIB. HUMANIDADES - Mapfre |h 978.903 |i W38 |p 35.96 |t Ej.1 |v FM | ||
